000 00464nam a2200181Ia 4500
001 8375
005 20260306160604.0
008 260306t2009||||xx |||||||||||||| ||spa||
041 _aESP
082 _a370.7
_bM96
100 _aMuñoz Giraldo, José Federman
_eAUT
245 0 _aCómo desarrollar competencias investigativas en educación
260 _c2009
300 _a244 páginas :
_c24 cm.
650 _aGEN
654 _aCED
942 _cLIB
_dJUS
_fJUS
_2ddc
_n
999 _c8375
_d8375